| 000 | 01683nam1a2200349 i 4500 | ||
|---|---|---|---|
| 001 | RU\NLR\bibl\1874324 | ||
| 005 | 20260406043224.0 | ||
| 035 | _a(NLR Aleph) 001864140 | ||
| 090 |
_a2572063 _c2572063 |
||
| 100 | _a20120227g20119999k y0rusy50 ca | ||
| 101 | 0 | _arus | |
| 102 | _aRU | ||
| 105 | _a||||z ||||| | ||
| 200 | 1 |
_aСовременные политико-властные процессы в Республике Башкортостан и региональная политика _eколлективная политика _f[Дорожкин Ю.Н., Фролова И.В., Даутова А.Р. и др.] |
|
| 210 |
_aУфа _cБАГСУ _d2011 |
||
| 215 | _d20 | ||
| 300 | _aАвт. указаны на 3-й с. | ||
| 300 | _aНа 2-й с. авт.: Ю.Н. Дорожкин, д.филос.н., И.В. Фролова, д.филос.н. | ||
| 463 | 0 | _10011787690 | |
| 606 | 1 |
_aОрганы государственной власти _yБашкортостан, Республика _92223848 _3RU\NLR\auth\661335158 |
|
| 606 | 1 |
_aОрганы местного самоуправления _yБашкортостан, Республика _92093842 _3RU\NLR\auth\661570605 |
|
| 686 | _aХ620.619(2Р-6Б) | ||
| 686 | _aХ621.011.29(2Р-6Б) | ||
| 701 | 1 |
_aДорожкин _bЮ. Н. _gЮрий Николаевич _4070 |
|
| 701 | 1 |
_4070 _8rus _7ca _aФролова _bИ.В. _cд-р филос. наук _f1970- _gИрина Васильевна _3RU\NLR\auth\773308 _9113311 |
|
| 701 | 1 |
_aДаутова _bА. Р. _4070 |
|
| 801 | 0 |
_aRU _bNLR _c20120227 _gRCR |
|
| 801 | 1 |
_aRU _bNLR _c20120227 |
|
| 852 |
_aNLR _j2011-3/21624 |
||
| 942 | _cBOOK | ||
| 980 | _aNBR | ||